دور المعلم في مدرسة تواكب العصر / (رقم التسجيلة. 120204)
[ عرض عادي ]
| 000 -الفاتح | |
|---|---|
| عناصر البيانات ثابتة الطول | 00825cam a2200217 i 4500 |
| 005 - تاريخ ووقت آخر معاملة | |
| حقل ضبط | 20260201120704.0 |
| 008 - عناصر البيانات ثابتة الطول | |
| عناصر البيانات ثابتة الطول | 250721s2010 su gr 000 0 ara d |
| 020 ## - الترقيم الدولي المعياري للكتب (ردمك) | |
| الترقيم الدولي المعياري للكتب (ردمك) | 9876030033632 |
| 082 14 - رقم تصنيف ديوي العشري | |
| رقم التصنيف | 370.71 |
| رقم المادة | ع ظ م |
| 100 1# - مدخل رئيسي – اسم شخصي | |
| الاسم الشخصي | أبو عظمة، نجيب بن حمزة |
| علاقة الشخص بالعمل/ دوره | مؤلف. |
| 245 10 - بيان العنوان | |
| العنوان | دور المعلم في مدرسة تواكب العصر / |
| بيان المسؤولية | الدكتور نجيب بن حمزة أبو عظمة. |
| 264 31 - بيانات النشر، التوزيع…إلخ | |
| مكان النشر، التوزيع...إلخ | المدينة المنورة : |
| اسم الناشر، الموزع...إلخ | [غير معرف]، |
| تاريخ النشر، التوزيع...إلخ | 2010. |
| 300 ## - الوصف المادي | |
| عدد الوحدات المكونة للوعاء | 320 صفحة. |
| 490 0# - بيان السلسلة | |
| عنوان السلسلة | التربية وتقنيات التعليم ؛ |
| رقم الوعاء في السلسلة | رقم 1. |
| 650 17 - مدخل إضافي بالموضوع - مصطلح موضوعي | |
| مصطلح موضوعي أو اسم جغرافي كعنصر مدخل | التعلم. |
| 650 17 - مدخل إضافي بالموضوع - مصطلح موضوعي | |
| مصطلح موضوعي أو اسم جغرافي كعنصر مدخل | المدرسون. |
| 650 17 - مدخل إضافي بالموضوع - مصطلح موضوعي | |
| مصطلح موضوعي أو اسم جغرافي كعنصر مدخل | اساليب التعلم. |
| 830 #0 - مدخل إضافي بالسلسلة-عنوان مقنن | |
| عنوان السلسسلة | التربية وتقنيات التعليم. |
| 942 ## - بيانات إضافية (كوها) | |
| نوع التنصيف | Dewey Decimal Classification |
| نوع المادة (كوها) | كتب |
| حالة السحب | حالة الفقدان | مصدر التصنيف | حالة التلف | غير قابل للإعارة | المكتبة الرئيسية | المكتبة الحالية | موقع الرف | تاريخ التزويد | الرقم المتسلسل | Total Checkouts | رقم الإستدعاء | الباركود | تاريخ آخر ظهور | تاريخ الفاتورة | نوع المادة (كوها) |
|---|---|---|---|---|---|---|---|---|---|---|---|---|---|---|---|
| Dewey Decimal Classification | المكتبة المركزية | المكتبة المركزية | الإعارة | 28/07/2025 | 1378329 | 370.71 / ع ظ م | PLD00147618 | 28/07/2025 | 28/07/2025 | كتب | |||||
| Dewey Decimal Classification | المكتبة المركزية | المكتبة المركزية | مقتنيات قسم التزويد | 28/07/2025 | 1483630 | 370.71/عظم | 28/07/2025 | 28/07/2025 | كتب | ||||||
| Dewey Decimal Classification | مكتبة أبو علندا العامة | مكتبة أبو علندا العامة | الإعارة | 17/05/2010 | 1378333 | 370.71/عظم | PLD00147819 | 28/07/2025 | 17/05/2010 | كتب |